000 00799nam a22002415i 4500
001 176221
003 ES-MaACL
005 20250925063048.0
008 101227s1956 sp |||| | cat d
080 _a94(460.23)"14"
100 1 _aVicens Vives, Jaime,
_d1910-1960
_9114319
245 1 4 _aEls trastàmares
_b: el segle XV /
_cper J. Vicens i Vives.
250 _a1ª ed.
260 _aBarcelona :
_bTeide,
_cimp. 1956.
300 _a253 p. :
_bil. bl. y n. ;
_c21 cm.
490 1 _aBiografies catalanes. Sèrie històrica ;
_v8
500 _aÍndice.
546 _aTexto en catalán.
651 4 _aCataluña-
_xHistoria-
_yS.XV.
_9140689
830 0 _aBiografies catalanes. Sèrie històrica ;
_v8
_9189987
852 _aES-MaACL
_jE-13891
_xOlim P-890
999 _c176221
_d176221